[Event "DEM U14 2023"]
[Site "Willingen GER"]
[Date "2023.05.28"]
[Round "2"]
[White "Tabales, Lennart"]
[Black "Uyar, Levin"]
[Result "0-1"]
[Termination "normal"]
[Board "23"]
[WhiteElo "1374"]
[BlackElo "1700"]
[WhiteClock "00:03:08"]
[BlackClock "00:29:46"]
[PlyCount "46"]
[WhiteFideId "34604057"]
[BlackFideId "16282108"]
[EventCountry "GER"]
[EventRounds "9"]
[EventType "swiss"]
[EventDate "2023.05.27"]

1. e4 {[%clk 01:30:58]} {[%emt 00:00:01]} e5 {[%clk 01:30:55]} {[%emt
00:00:05]} 2. Nf3 {[%clk 01:31:25]} {[%emt 00:00:03]} Nc6 {[%clk 01:31:20]}
{[%emt 00:00:05]} 3. Bc4 {[%clk 01:31:50]} {[%emt 00:00:05]} Nf6 {[%clk
01:31:45]} {[%emt 00:00:05]} 4. d3 {[%clk 01:32:15]} {[%emt 00:00:05]} Bc5
{[%clk 01:32:06]} {[%emt 00:00:09]} 5. Nc3 {[%clk 01:32:24]} {[%emt 00:00:22]}
h6 {[%clk 01:31:06]} {[%emt 00:01:29]} 6. h3 {[%clk 01:31:56]} {[%emt
00:00:59]} d6 {[%clk 01:31:26]} {[%emt 00:00:10]} 7. Na4 {[%clk 01:31:50]}
{[%emt 00:00:35]} a6 {[%clk 01:23:26]} {[%emt 00:08:30]} 8. Nxc5 {[%clk
01:31:25]} {[%emt 00:00:56]} dxc5 {[%clk 01:22:46]} {[%emt 00:01:10]} 9. Be3
{[%clk 01:31:08]} {[%emt 00:00:47]} Qd6 {[%clk 01:22:08]} {[%emt 00:01:07]} 10.
c3 {[%clk 01:29:50]} {[%emt 00:01:49]} O-O {[%clk 01:19:57]} {[%emt 00:02:39]}
11. Nh4 {[%clk 01:22:14]} {[%emt 00:08:07]} Na5 {[%clk 01:05:15]} {[%emt
00:15:11]} 12. Qa4 {[%clk 01:11:25]} {[%emt 00:11:21]} b6 {[%clk 00:58:43]}
{[%emt 00:07:01]} 13. Nf5 {[%clk 00:50:25]} {[%emt 00:21:28]} Qd8 {[%clk
00:52:19]} {[%emt 00:06:57]} 14. Bxc5 {[%clk 00:27:54]} {[%emt 00:23:00]} Nxc4
{[%clk 00:40:32]} {[%emt 00:12:16]} 15. Bxf8 {[%clk 00:27:39]} {[%emt
00:00:46]} Qxd3 {[%clk 00:39:25]} {[%emt 00:01:37]} 16. Bxg7 {[%emt 00:16:17]}
Bxf5 {[%clk 00:34:11]} {[%emt 00:05:42]} 17. Qc6 {[%clk 00:04:01]} {[%emt
00:08:23]} Qd2+ {[%clk 00:30:10]} {[%emt 00:04:31]} 18. Kf1 {[%clk 00:03:31]}
{[%emt 00:00:58]} Nxe4 {[%clk 00:28:48]} {[%emt 00:01:54]} 19. Qxa8+ {[%clk
00:02:54]} {[%emt 00:01:08]} Kxg7 {[%clk 00:29:12]} {[%emt 00:00:05]} 20. Kg1
{[%clk 00:02:56]} {[%emt 00:00:28]} Qxf2+ {[%clk 00:29:35]} {[%emt 00:00:07]}
21. Kh2 {[%clk 00:03:19]} {[%emt 00:00:07]} Qg3+ {[%clk 00:29:04]} {[%emt
00:01:01]} 22. Kg1 {[%clk 00:03:41]} {[%emt 00:00:08]} Ne3 {[%clk 00:29:22]}
{[%emt 00:00:12]} 23. Rh2 {[%clk 00:03:08]} {[%emt 00:01:04]} Qf2+ {[%clk
00:29:46]} {[%emt 00:00:05]} 0-1

[Event "DEM U14 2023"]
[Site "Willingen GER"]
[Date "2023.05.28"]
[Round "2"]
[White "Steger, Lukas Daniel"]
[Black "Halich, Jan Finnian"]
[Result "1-0"]
[Termination "normal"]
[Board "24"]
[WhiteElo "1732"]
[BlackElo "1134"]
[WhiteClock "00:44:05"]
[BlackClock "00:37:14"]
[PlyCount "33"]
[WhiteFideId "3335151"]
[BlackFideId "34623710"]
[EventCountry "GER"]
[EventRounds "9"]
[EventType "swiss"]
[EventDate "2023.05.27"]

1. c4 e6 2. Nc3 Nf6 3. e4 Nc6 4. Nf3 d5 5. e5 Ng8 6. d4 b6 7. Be3 a5 8. cxd5
exd5 9. Bb5 Bb7 10. a4 Nge7 11. Bg5 Qd7 12. O-O h6 13. Bxe7 Bxe7 14. e6 Qxe6
15. Ne5 O-O 16. Nxc6 Bc8 17. Re1 1-0

[Event "DEM U14 2023"]
[Site "Willingen GER"]
[Date "2023.06.02"]
[Round "8"]
[White "Schuricht, Emil Frederick"]
[Black "Haug, Havard"]
[Result "1/2-1/2"]
[Termination "normal"]
[Board "1"]
[BlackTitle "CM"]
[WhiteElo "1888"]
[BlackElo "2202"]
[WhiteClock "00:24:55"]
[BlackClock "00:26:22"]
[PlyCount "66"]
[WhiteFideId "16270185"]
[BlackFideId "1547887"]
[EventCountry "GER"]
[EventRounds "9"]
[EventType "swiss"]
[EventDate "2023.05.27"]

1. d4 {[%clk 01:30:51]} {[%emt 00:00:09]} d5 {[%clk 01:30:50]} {[%emt
00:00:05]} 2. c4 {[%clk 01:31:12]} {[%emt 00:00:15]} e6 {[%clk 01:31:14]}
{[%emt 00:00:06]} 3. Nc3 {[%clk 01:31:37]} {[%emt 00:00:05]} c5 {[%clk
01:31:34]} {[%emt 00:00:09]} 4. cxd5 {[%clk 01:32:00]} {[%emt 00:00:07]} exd5
{[%clk 01:31:57]} {[%emt 00:00:09]} 5. Nf3 {[%clk 01:32:23]} {[%emt 00:00:06]}
Nf6 {[%clk 01:32:03]} {[%emt 00:00:23]} 6. g3 {[%clk 01:29:42]} {[%emt
00:03:11]} Nc6 {[%clk 01:31:55]} {[%emt 00:00:38]} 7. Bg2 {[%clk 01:29:40]}
{[%emt 00:00:33]} Be7 {[%clk 01:32:05]} {[%emt 00:00:20]} 8. O-O {[%clk
01:29:11]} {[%emt 00:00:58]} O-O {[%clk 01:31:58]} {[%emt 00:00:35]} 9. Bg5
{[%clk 01:27:48]} {[%emt 00:01:55]} c4 {[%clk 01:31:58]} {[%emt 00:00:30]} 10.
Ne5 {[%clk 01:26:55]} {[%emt 00:01:23]} Be6 {[%clk 01:31:33]} {[%emt 00:00:56]}
11. Nxc6 {[%clk 01:24:02]} {[%emt 00:03:23]} bxc6 {[%clk 01:31:14]} {[%emt
00:00:48]} 12. b3 {[%clk 01:23:04]} {[%emt 00:01:28]} h6 {[%clk 01:29:16]}
{[%emt 00:02:29]} 13. Bf4 {[%clk 01:18:01]} {[%emt 00:05:32]} Qa5 {[%clk
01:22:07]} {[%emt 00:07:39]} 14. Qc2 {[%clk 01:09:25]} {[%emt 00:09:06]} Bb4
{[%clk 01:16:43]} {[%emt 00:05:54]} 15. Rfc1 {[%clk 01:05:42]} {[%emt
00:04:13]} Bf5 {[%clk 01:10:41]} {[%emt 00:06:32]} 16. Qxf5 {[%clk 01:04:00]}
{[%emt 00:02:12]} Bxc3 {[%clk 01:10:02]} {[%emt 00:01:10]} 17. Bc7 {[%clk
01:04:00]} {[%emt 00:00:30]} Qxc7 {[%clk 01:07:28]} {[%emt 00:03:04]} 18. Rxc3
{[%clk 01:04:13]} {[%emt 00:00:17]} Qa5 {[%clk 00:56:07]} {[%emt 00:11:51]} 19.
Qc2 {[%clk 00:59:11]} {[%emt 00:05:31]} cxb3 {[%clk 00:56:19]} {[%emt
00:00:17]} 20. Rxb3 {[%clk 00:59:11]} {[%emt 00:00:31]} Rfc8 {[%clk 00:48:28]}
{[%emt 00:08:22]} 21. Rab1 {[%clk 00:54:23]} {[%emt 00:05:18]} Qa4 {[%clk
00:45:26]} {[%emt 00:03:32]} 22. e3 {[%clk 00:52:29]} {[%emt 00:02:23]} Rab8
{[%clk 00:44:25]} {[%emt 00:01:31]} 23. Qc3 {[%clk 00:48:44]} {[%emt 00:04:16]}
Rxb3 {[%clk 00:43:12]} {[%emt 00:01:43]} 24. axb3 {[%clk 00:48:14]} {[%emt
00:01:01]} Qa2 {[%clk 00:40:50]} {[%emt 00:02:51]} 25. Qb2 {[%clk 00:40:16]}
{[%emt 00:08:27]} Qxb2 {[%clk 00:39:35]} {[%emt 00:01:46]} 26. Rxb2 {[%clk
00:40:45]} {[%emt 00:00:03]} Rb8 {[%clk 00:39:51]} {[%emt 00:00:12]} 27. Kf1
{[%clk 00:32:40]} {[%emt 00:08:34]} a5 {[%clk 00:38:09]} {[%emt 00:02:13]} 28.
Ke2 {[%clk 00:28:24]} {[%emt 00:04:45]} a4 {[%clk 00:37:59]} {[%emt 00:00:40]}
29. Kd2 {[%clk 00:28:29]} {[%emt 00:00:25]} axb3 {[%clk 00:29:31]} {[%emt
00:08:58]} 30. Kc3 {[%clk 00:27:26]} {[%emt 00:01:33]} Kf8 {[%clk 00:29:21]}
{[%emt 00:00:41]} 31. f3 {[%clk 00:25:30]} {[%emt 00:02:25]} Re8 {[%clk
00:28:48]} {[%emt 00:01:03]} 32. Re2 {[%clk 00:25:05]} {[%emt 00:00:55]} Rb8
{[%clk 00:25:58]} {[%emt 00:03:21]} 33. Rb2 {[%clk 00:24:55]} {[%emt 00:00:39]}
Re8 {[%clk 00:26:22]} {[%emt 00:00:06]} 1/2-1/2

[Event "DEM U14 2023"]
[Site "Willingen GER"]
[Date "2023.06.02"]
[Round "8"]
[White "Besou, Hussain"]
[Black "Nechitaylo, Nikita"]
[Result "1-0"]
[Termination "normal"]
[Board "2"]
[WhiteTitle "FM"]
[WhiteElo "2304"]
[BlackElo "2144"]
[WhiteClock "00:10:47"]
[BlackClock "00:05:11"]
[PlyCount "67"]
[WhiteFideId "16269950"]
[BlackFideId "34138161"]
[EventCountry "GER"]
[EventRounds "9"]
[EventType "swiss"]
[EventDate "2023.05.27"]

1. e4 {[%clk 01:30:58]} {[%emt 00:00:01]} c5 {[%clk 01:30:56]} {[%emt
00:00:07]} 2. Nf3 {[%clk 01:31:23]} {[%emt 00:00:04]} Nf6 {[%clk 01:31:20]}
{[%emt 00:00:05]} 3. e5 {[%clk 01:31:43]} {[%emt 00:00:09]} Nd5 {[%clk
01:31:42]} {[%emt 00:00:09]} 4. Nc3 {[%clk 01:32:07]} {[%emt 00:00:05]} e6
{[%clk 01:32:05]} {[%emt 00:00:08]} 5. Nxd5 {[%clk 01:28:44]} {[%emt 00:03:53]}
exd5 {[%clk 01:32:28]} {[%emt 00:00:18]} 6. d4 {[%clk 01:28:50]} {[%emt
00:00:13]} Nc6 {[%clk 01:32:44]} {[%emt 00:00:15]} 7. dxc5 {[%clk 01:22:05]}
{[%emt 00:07:14]} Bxc5 {[%clk 01:33:07]} {[%emt 00:00:07]} 8. Be2 {[%clk
01:17:07]} {[%emt 00:05:28]} d6 {[%clk 01:30:18]} {[%emt 00:03:19]} 9. exd6
{[%clk 01:16:10]} {[%emt 00:01:28]} Qxd6 {[%clk 01:30:29]} {[%emt 00:00:19]}
10. h3 {[%clk 01:15:51]} {[%emt 00:00:48]} O-O {[%clk 01:28:51]} {[%emt
00:02:08]} 11. O-O {[%clk 01:15:53]} {[%emt 00:00:27]} Re8 {[%clk 01:21:00]}
{[%emt 00:08:22]} 12. Kh1 {[%clk 01:12:49]} {[%emt 00:03:34]} Bf5 {[%clk
01:18:11]} {[%emt 00:03:19]} 13. Bd3 {[%clk 01:10:49]} {[%emt 00:02:30]} Be4
{[%clk 01:15:21]} {[%emt 00:03:20]} 14. Bg5 {[%clk 01:03:10]} {[%emt 00:08:08]}
Qg6 {[%clk 00:56:09]} {[%emt 00:19:43]} 15. Bf4 {[%clk 00:53:27]} {[%emt
00:10:13]} Rad8 {[%clk 00:43:45]} {[%emt 00:12:54]} 16. Bg3 {[%clk 00:49:30]}
{[%emt 00:04:27]} Nb4 {[%clk 00:43:06]} {[%emt 00:01:10]} 17. Bb5 {[%clk
00:48:39]} {[%emt 00:01:21]} Nxc2 {[%clk 00:26:19]} {[%emt 00:17:18]} 18. Bxe8
{[%clk 00:44:34]} {[%emt 00:04:34]} Bxf3 {[%clk 00:20:57]} {[%emt 00:05:51]}
19. Bxf7+ {[%clk 00:31:23]} {[%emt 00:13:42]} Kxf7 {[%clk 00:15:55]} {[%emt
00:05:32]} 20. Qxf3+ {[%clk 00:31:46]} {[%emt 00:00:06]} Kg8 {[%clk 00:16:18]}
{[%emt 00:00:08]} 21. Rac1 {[%clk 00:30:06]} {[%emt 00:02:09]} Nd4 {[%clk
00:15:50]} {[%emt 00:00:58]} 22. Qg4 {[%clk 00:28:17]} {[%emt 00:02:20]} Qxg4
{[%clk 00:14:48]} {[%emt 00:01:31]} 23. hxg4 {[%clk 00:28:42]} {[%emt
00:00:06]} b6 {[%clk 00:15:04]} {[%emt 00:00:13]} 24. Rfe1 {[%clk 00:28:18]}
{[%emt 00:00:53]} Kf7 {[%clk 00:14:27]} {[%emt 00:01:08]} 25. a3 {[%clk
00:24:04]} {[%emt 00:04:43]} a5 {[%clk 00:14:30]} {[%emt 00:00:27]} 26. Rcd1
{[%clk 00:21:36]} {[%emt 00:02:58]} Nb3 {[%clk 00:13:47]} {[%emt 00:01:14]} 27.
Rd3 {[%clk 00:19:38]} {[%emt 00:02:28]} a4 {[%clk 00:13:39]} {[%emt 00:00:39]}
28. Bh4 {[%clk 00:18:18]} {[%emt 00:01:48]} Rd6 {[%clk 00:11:05]} {[%emt
00:03:04]} 29. Rf3+ {[%clk 00:11:22]} {[%emt 00:07:26]} Kg6 {[%clk 00:11:27]}
{[%emt 00:00:09]} 30. Rf5 {[%clk 00:10:17]} {[%emt 00:01:35]} d4 {[%clk
00:10:13]} {[%emt 00:01:44]} 31. Re7 {[%clk 00:09:47]} {[%emt 00:01:00]} d3
{[%clk 00:07:07]} {[%emt 00:03:37]} 32. Rg5+ {[%clk 00:09:59]} {[%emt
00:00:17]} Kh6 {[%clk 00:07:16]} {[%emt 00:00:21]} 33. Rgxg7 {[%clk 00:10:23]}
{[%emt 00:00:06]} Bd4 {[%clk 00:05:11]} {[%emt 00:02:35]} 34. Bg5# {[%clk
00:10:47]} {[%emt 00:00:05]} 1-0

[Event "DEM U14 2023"]
[Site "Willingen GER"]
[Date "2023.06.02"]
[Round "8"]
[White "Dyachuk, Artem"]
[Black "Ermitsch, Magnus"]
[Result "0-1"]
[Termination "normal"]
[Board "3"]
[WhiteTitle "FM"]
[BlackTitle "FM"]
[WhiteElo "2312"]
[BlackElo "2275"]
[WhiteClock "00:04:55"]
[BlackClock "00:12:22"]
[PlyCount "96"]
[WhiteFideId "34107924"]
[BlackFideId "16234464"]
[EventCountry "GER"]
[EventRounds "9"]
[EventType "swiss"]
[EventDate "2023.05.27"]

1. e4 {[%clk 01:31:00]} {[%emt 12:43:15]} c5 {[%clk 01:30:54]} {[%emt
00:00:07]} 2. Nf3 {[%clk 01:31:27]} {[%emt 00:00:02]} e6 {[%clk 01:30:43]}
{[%emt 00:00:41]} 3. d4 {[%clk 01:31:52]} {[%emt 00:00:05]} cxd4 {[%clk
01:31:06]} {[%emt 00:00:06]} 4. Nxd4 {[%clk 01:32:20]} {[%emt 00:00:03]} Nc6
{[%clk 01:31:14]} {[%emt 00:00:21]} 5. Nc3 {[%clk 01:32:46]} {[%emt 00:00:07]}
Qc7 {[%clk 01:31:38]} {[%emt 00:00:04]} 6. g3 {[%clk 01:33:09]} {[%emt
00:00:07]} a6 {[%clk 01:31:10]} {[%emt 00:00:58]} 7. Bg2 {[%clk 01:33:31]}
{[%emt 00:00:08]} h5 {[%clk 01:29:50]} {[%emt 00:01:50]} 8. Bg5 {[%clk
01:33:28]} {[%emt 00:00:34]} Nge7 {[%clk 01:27:10]} {[%emt 00:03:10]} 9. Nb3
{[%clk 01:27:43]} {[%emt 00:06:14]} Ng6 {[%clk 01:23:47]} {[%emt 00:03:53]} 10.
h4 {[%clk 01:23:54]} {[%emt 00:04:21]} Nce5 {[%clk 01:13:31]} {[%emt 00:10:45]}
11. Qe2 {[%clk 01:11:25]} {[%emt 00:12:58]} b5 {[%clk 01:08:36]} {[%emt
00:05:25]} 12. O-O-O {[%clk 00:58:57]} {[%emt 00:12:59]} b4 {[%clk 01:07:13]}
{[%emt 00:01:52]} 13. Nb1 {[%clk 00:45:03]} {[%emt 00:14:26]} a5 {[%clk
01:06:35]} {[%emt 00:01:06]} 14. c3 {[%clk 00:37:14]} {[%emt 00:08:19]} a4
{[%clk 01:00:19]} {[%emt 00:06:46]} 15. Nd4 {[%clk 00:37:37]} {[%emt 00:00:07]}
a3 {[%clk 01:00:08]} {[%emt 00:00:41]} 16. b3 {[%clk 00:37:44]} {[%emt
00:00:23]} Ba6 {[%clk 00:49:21]} {[%emt 00:11:17]} 17. Qc2 {[%clk 00:35:52]}
{[%emt 00:02:22]} Rc8 {[%clk 00:47:36]} {[%emt 00:02:14]} 18. Bf1 {[%clk
00:26:25]} {[%emt 00:09:57]} Bxf1 {[%clk 00:46:42]} {[%emt 00:01:24]} 19. Rhxf1
{[%clk 00:26:52]} {[%emt 00:00:04]} bxc3 {[%clk 00:46:53]} {[%emt 00:00:18]}
20. Ne2 {[%clk 00:26:02]} {[%emt 00:01:20]} Bb4 {[%clk 00:44:37]} {[%emt
00:02:46]} 21. Rd4 {[%clk 00:20:36]} {[%emt 00:05:57]} Nc6 {[%clk 00:39:19]}
{[%emt 00:05:46]} 22. Rd3 {[%clk 00:12:44]} {[%emt 00:08:23]} O-O {[%clk
00:33:44]} {[%emt 00:06:04]} 23. g4 {[%clk 00:09:39]} {[%emt 00:03:36]} Ba5
{[%clk 00:32:13]} {[%emt 00:02:01]} 24. Rxc3 {[%clk 00:08:00]} {[%emt
00:02:09]} Bxc3 {[%clk 00:32:19]} {[%emt 00:00:23]} 25. Nbxc3 {[%clk 00:08:16]}
{[%emt 00:00:15]} hxg4 {[%clk 00:27:27]} {[%emt 00:05:21]} 26. h5 {[%clk
00:07:45]} {[%emt 00:01:01]} Qe5 {[%clk 00:24:39]} {[%emt 00:03:18]} 27. Qd2
{[%clk 00:07:21]} {[%emt 00:00:54]} f6 {[%clk 00:24:46]} {[%emt 00:00:23]} 28.
Be3 {[%clk 00:07:14]} {[%emt 00:00:38]} Qxh5 {[%clk 00:25:08]} {[%emt
00:00:07]} 29. Qxd7 {[%clk 00:06:23]} {[%emt 00:01:22]} Qe5 {[%clk 00:23:23]}
{[%emt 00:02:16]} 30. Kb1 {[%clk 00:06:28]} {[%emt 00:00:24]} Rfd8 {[%clk
00:14:33]} {[%emt 00:09:19]} 31. Qb7 {[%clk 00:06:38]} {[%emt 00:00:20]} f5
{[%clk 00:13:32]} {[%emt 00:01:31]} 32. Bb6 {[%clk 00:05:18]} {[%emt 00:01:51]}
Na5 {[%clk 00:12:39]} {[%emt 00:01:23]} 33. Bxa5 {[%clk 00:02:58]} {[%emt
00:02:49]} Qxa5 {[%clk 00:13:08]} {[%emt 00:00:01]} 34. b4 {[%clk 00:02:51]}
{[%emt 00:00:38]} Rc7 {[%clk 00:12:19]} {[%emt 00:01:19]} 35. bxa5 {[%clk
00:03:09]} {[%emt 00:00:11]} Rxb7+ {[%clk 00:12:43]} {[%emt 00:00:06]} 36. Ka1
{[%clk 00:03:18]} {[%emt 00:00:22]} Ra7 {[%clk 00:12:39]} {[%emt 00:00:34]} 37.
Nb5 {[%clk 00:03:09]} {[%emt 00:00:39]} Rxa5 {[%clk 00:12:58]} {[%emt
00:00:09]} 38. Ned4 {[%clk 00:03:25]} {[%emt 00:00:14]} Rd7 {[%clk 00:11:04]}
{[%emt 00:02:24]} 39. Rc1 {[%clk 00:03:45]} {[%emt 00:00:11]} fxe4 {[%clk
00:10:41]} {[%emt 00:00:51]} 40. Rb1 {[%clk 00:02:46]} {[%emt 00:01:30]} Rb7
{[%clk 00:10:45]} {[%emt 00:00:26]} 41. Rc1 {[%clk 00:02:02]} {[%emt 00:01:15]}
Raxb5 {[%clk 00:10:04]} {[%emt 00:01:10]} 42. Nxb5 {[%clk 00:02:26]} {[%emt
00:00:06]} Rxb5 {[%clk 00:10:29]} {[%emt 00:00:05]} 43. f3 {[%clk 00:02:53]}
{[%emt 00:00:03]} Re5 {[%clk 00:10:34]} {[%emt 00:00:25]} 44. f4 {[%clk
00:03:07]} {[%emt 00:00:16]} Nxf4 {[%clk 00:10:58]} {[%emt 00:00:05]} 45. Rb1
{[%clk 00:03:34]} {[%emt 00:00:04]} g3 {[%clk 00:11:16]} {[%emt 00:00:12]} 46.
Rb8+ {[%clk 00:04:01]} {[%emt 00:00:03]} Kh7 {[%clk 00:11:39]} {[%emt
00:00:07]} 47. Rb5 {[%clk 00:04:28]} {[%emt 00:00:03]} g2 {[%clk 00:12:03]}
{[%emt 00:00:06]} 48. Rb1 {[%clk 00:04:55]} {[%emt 00:00:04]} Nh3 {[%clk
00:12:22]} {[%emt 00:00:11]} 0-1

[Event "DEM U14 2023"]
[Site "Willingen GER"]
[Date "2023.06.02"]
[Round "8"]
[White "Klaska, Philipp Leon"]
[Black "Malinowsky, Levi"]
[Result "0-1"]
[Termination "normal"]
[Board "4"]
[WhiteElo "2026"]
[BlackElo "2173"]
[WhiteClock "00:07:39"]
[BlackClock "00:36:41"]
[PlyCount "96"]
[WhiteFideId "16238044"]
[BlackFideId "16253094"]
[EventCountry "GER"]
[EventRounds "9"]
[EventType "swiss"]
[EventDate "2023.05.27"]

1. d4 {[%clk 01:30:48]} {[%emt 00:00:10]} Nf6 {[%clk 01:30:52]} {[%emt
00:00:08]} 2. Nc3 {[%clk 01:31:01]} {[%emt 00:00:18]} d5 {[%clk 01:30:54]}
{[%emt 00:00:28]} 3. Bg5 {[%clk 01:31:15]} {[%emt 00:00:16]} Nbd7 {[%clk
01:30:17]} {[%emt 00:01:07]} 4. Qd3 {[%clk 01:31:03]} {[%emt 00:00:41]} e6
{[%clk 01:24:02]} {[%emt 00:06:47]} 5. e4 {[%clk 01:30:03]} {[%emt 00:01:29]}
dxe4 {[%clk 01:24:16]} {[%emt 00:00:17]} 6. Nxe4 {[%clk 01:30:24]} {[%emt
00:00:08]} Be7 {[%clk 01:23:23]} {[%emt 00:01:24]} 7. Nxf6+ {[%clk 01:27:39]}
{[%emt 00:03:14]} Nxf6 {[%clk 01:21:06]} {[%emt 00:02:47]} 8. Nf3 {[%clk
01:24:25]} {[%emt 00:03:43]} O-O {[%clk 01:16:28]} {[%emt 00:05:09]} 9. O-O-O
{[%clk 01:16:02]} {[%emt 00:08:52]} b6 {[%clk 01:07:26]} {[%emt 00:09:34]} 10.
Qe3 {[%clk 00:59:41]} {[%emt 00:16:48]} Ng4 {[%clk 00:56:30]} {[%emt 00:11:28]}
11. Bxe7 {[%clk 00:56:29]} {[%emt 00:03:42]} Nxe3 {[%clk 00:53:17]} {[%emt
00:03:44]} 12. Bxd8 {[%clk 00:56:50]} {[%emt 00:00:08]} Nxd1 {[%clk 00:53:36]}
{[%emt 00:00:12]} 13. Bh4 {[%clk 00:57:10]} {[%emt 00:00:06]} Nxb2 {[%clk
00:50:19]} {[%emt 00:03:51]} 14. Kxb2 {[%emt 00:00:17]} Bb7 {[%clk 00:49:14]}
{[%emt 00:01:32]} 15. Bd3 {[%clk 00:53:28]} {[%emt 00:04:25]} f6 {[%clk
00:48:44]} {[%emt 00:01:01]} 16. Re1 {[%clk 00:52:23]} {[%emt 00:01:32]} Kf7
{[%clk 00:47:40]} {[%emt 00:01:38]} 17. Bg3 {[%clk 00:50:26]} {[%emt 00:02:25]}
Rac8 {[%clk 00:46:50]} {[%emt 00:01:18]} 18. Be4 {[%clk 00:47:43]} {[%emt
00:03:14]} Bd5 {[%clk 00:44:47]} {[%emt 00:02:33]} 19. Bxd5 {[%clk 00:36:36]}
{[%emt 00:11:40]} exd5 {[%clk 00:45:08]} {[%emt 00:00:10]} 20. Kc1 {[%clk
00:34:21]} {[%emt 00:02:41]} c6 {[%clk 00:44:20]} {[%emt 00:01:22]} 21. Kd2
{[%clk 00:33:01]} {[%emt 00:01:49]} Rfe8 {[%clk 00:41:38]} {[%emt 00:03:13]}
22. Rb1 {[%clk 00:31:15]} {[%emt 00:02:14]} Re7 {[%clk 00:33:55]} {[%emt
00:08:13]} 23. a4 {[%clk 00:27:59]} {[%emt 00:03:47]} c5 {[%clk 00:27:12]}
{[%emt 00:07:14]} 24. Rb5 {[%clk 00:22:08]} {[%emt 00:06:19]} Ke6 {[%clk
00:25:33]} {[%emt 00:02:11]} 25. Ne1 {[%clk 00:16:35]} {[%emt 00:06:02]} c4
{[%clk 00:22:50]} {[%emt 00:03:14]} 26. c3 {[%clk 00:14:30]} {[%emt 00:02:34]}
Rc6 {[%clk 00:20:21]} {[%emt 00:02:58]} 27. Nc2 {[%clk 00:14:15]} {[%emt
00:00:47]} a5 {[%clk 00:19:51]} {[%emt 00:01:01]} 28. Ne3 {[%clk 00:10:36]}
{[%emt 00:04:09]} Rd7 {[%clk 00:20:11]} {[%emt 00:00:09]} 29. h4 {[%clk
00:10:40]} {[%emt 00:00:25]} h5 {[%clk 00:18:58]} {[%emt 00:01:45]} 30. Ke2
{[%clk 00:10:35]} {[%emt 00:00:34]} g6 {[%clk 00:18:03]} {[%emt 00:01:26]} 31.
Kf3 {[%clk 00:09:36]} {[%emt 00:01:28]} Rd8 {[%clk 00:17:05]} {[%emt 00:01:28]}
32. Bf4 {[%clk 00:09:29]} {[%emt 00:00:37]} Rd7 {[%clk 00:14:06]} {[%emt
00:03:30]} 33. g3 {[%clk 00:08:58]} {[%emt 00:00:58]} Rd8 {[%clk 00:13:35]}
{[%emt 00:01:04]} 34. Ng2 {[%clk 00:08:33]} {[%emt 00:00:54]} Rg8 {[%clk
00:13:29]} {[%emt 00:00:38]} 35. Ne3 {[%clk 00:07:16]} {[%emt 00:01:46]} Rd8
{[%clk 00:13:55]} {[%emt 00:00:06]} 36. Ng2 {[%clk 00:07:25]} {[%emt 00:00:19]}
Rg8 {[%clk 00:14:23]} {[%emt 00:00:03]} 37. Bc1 {[%clk 00:06:33]} {[%emt
00:01:20]} g5 {[%clk 00:14:10]} {[%emt 00:00:44]} 38. hxg5 {[%clk 00:05:39]}
{[%emt 00:01:25]} fxg5 {[%clk 00:14:36]} {[%emt 00:00:04]} 39. Ne3 {[%clk
00:05:32]} {[%emt 00:00:36]} Rd8 {[%clk 00:14:53]} {[%emt 00:00:13]} 40. Ba3
{[%clk 00:05:07]} {[%emt 00:00:55]} Rd7 {[%clk 00:14:30]} {[%emt 00:00:54]} 41.
Kg2 {[%clk 00:03:34]} {[%emt 00:02:02]} g4 {[%clk 00:12:36]} {[%emt 00:02:24]}
42. Kf1 {[%clk 00:28:30]} {[%emt 00:05:34]} Rd8 {[%clk 00:42:14]} {[%emt
00:00:53]} 43. Rb1 {[%clk 00:20:23]} {[%emt 00:08:32]} Kf6 {[%clk 00:39:51]}
{[%emt 00:02:58]} 44. Ng2 {[%clk 00:16:50]} {[%emt 00:04:02]} Kf5 {[%clk
00:38:18]} {[%emt 00:02:04]} 45. Nf4 {[%clk 00:14:49]} {[%emt 00:02:31]} Re8
{[%clk 00:36:47]} {[%emt 00:02:00]} 46. Nxd5 {[%clk 00:13:16]} {[%emt
00:02:03]} Rh6 {[%clk 00:36:55]} {[%emt 00:00:22]} 47. Ne3+ {[%clk 00:08:38]}
{[%emt 00:05:09]} Ke4 {[%clk 00:36:25]} {[%emt 00:01:01]} 48. Nxg4 {[%clk
00:07:39]} {[%emt 00:01:27]} hxg4 {[%clk 00:36:41]} {[%emt 00:00:14]} 0-1